[Event "Eikrem mem"]
[Site "Gausdal"]
[Date "1998.08.05"]
[Round "5"]
[White "Lehikoinen, Pertti Ilari"]
[Black "Skare, Karl Andre"]
[Result "1/2-1/2"]
[WhiteElo "2235"]
[BlackElo "2140"]

1.d4 d5 2.c4 e6 3.Nc3 Nf6 4.Nf3 c6 5.e3 Nbd7 6.Bd3 dxc4 7.Bxc4 b5 8.Bd3 a6
9.O-O c5 10.Qe2 Be7 11.Rd1 Qb6 12.b3 O-O 13.Ba3 Qa5 14.Bb2 Bb7 15.Rac1 Rac8
16.Bb1 Rfd8 17.e4 cxd4 18.Nxd4 Ba3 19.Bxa3 Qxa3 20.Qe3 Qe7 21.h3 Ne5 22.Nce2 Nc6
23.Nf3 Rxd1+ 24.Rxd1 Rd8 25.Rc1 Qc7 26.Ng3 Nd7 27.Nh5 h6 28.Qc3 e5 29.Nh4 g6
30.Ng3 Qd6 31.Qe3 Kh7 32.Nf3 Nf6 33.Qb6 Rd7 34.Qe3 Qb4 35.Kh2 Qe7 36.Ne2 Rd6
37.Nc3 Qd7 38.Qc5 Qe6 39.Ne2 Kg7 40.Ng3 Qe7 41.Ne1 Qd7 42.Rc3 Rd1 43.Rd3 Rxd3
44.Nxd3 Qc7 45.Qc3 Nd7 46.b4 Qd6 47.a3 Qd4 48.Qxd4 Nxd4 49.Kg1 f6 50.f3 Nb6
51.Nc5 Bc8 52.Bd3 Kf7 53.Kf2 Nd7 54.Nxd7  1/2-1/2

[Event "MK Cafe Cup-A"]
[Site "Koszalin"]
[Date "1998.08.05"]
[Round "3"]
[White "Schmidt, Wlodzimierz"]
[Black "Dobrowolski, Piotr"]
[Result "1/2-1/2"]
[WhiteElo "2445"]
[BlackElo "2380"]

1.Nf3 d5 2.d4 Nf6 3.c4 c6 4.Nc3 e6 5.e3 Nbd7 6.Qc2 b6 7.Bd3 Bb7 8.O-O Be7
9.b3 dxc4 10.bxc4 c5 11.Qe2 O-O 12.Rd1 Qc7 13.Bb2 h6 14.a4 a6 15.Nd2 Rfd8
16.Nb3  1/2-1/2

[Event "MK Cafe Cup-A"]
[Site "Koszalin"]
[Date "1998.08.05"]
[Round "3"]
[White "Izeta Txabarri, Felix"]
[Black "Slobodjan, Roman"]
[Result "1-0"]
[WhiteElo "2445"]
[BlackElo "2575"]

1.d4 d5 2.c4 c6 3.Nf3 Nf6 4.Nc3 e6 5.e3 Nbd7 6.Bd3 dxc4 7.Bxc4 b5 8.Bd3 a6
9.e4 c5 10.e5 cxd4 11.Ne4 Nxe4 12.Bxe4 Rb8 13.Qxd4 Bc5 14.Qd3 Bb4+ 15.Ke2 Nc5
16.Qxd8+ Kxd8 17.Bg5+ Ke8 18.Bc6+ Bd7 19.Bxd7+ Nxd7 20.Rac1 Bc5 21.Rhd1 h6
22.Be3 Bxe3 23.fxe3 Nb6 24.Rd6 Rh7 25.Rc7 a5 26.Nd4 Nc4 27.Nc6 Ra8 28.b3 Nb6
29.Ra7  1-0

[Event "RUS-ch51"]
[Site "St Petersburg"]
[Date "1998.08.05"]
[Round "9"]
[White "Shipov, Sergei"]
[Black "Korneev, Oleg"]
[Result "1-0"]
[WhiteElo "2635"]
[BlackElo "2600"]

1.d4 d5 2.Nf3 Nf6 3.c4 e6 4.Nc3 c6 5.e3 Nbd7 6.Bd3 dxc4 7.Bxc4 b5 8.Bd3 b4
9.Ne4 c5 10.Nxf6+ gxf6 11.O-O Bb7 12.e4 Qb6 13.d5 O-O-O 14.a3 b3 15.Bc4 exd5
16.exd5 Rg8 17.Bxb3 Bd6 18.Be3 Ne5 19.Nxe5 fxe5 20.Bc4 f5 21.b4 f4 22.Bxc5 Bxc5
23.bxc5 Qxc5 24.Rc1 Kb8 25.Qb3 Ka8 26.Rfd1 Qd6 27.Bb5 Rg7 28.Bc6 e4 29.Rb1 Rb8
30.Qc3 Re7 31.Rxb7 Rbxb7 32.Rb1 e3  1-0

[Event "RUS-ch51"]
[Site "St Petersburg"]
[Date "1998.08.05"]
[Round "9"]
[White "Tunik, Gennady"]
[Black "Galkin, Alexander"]
[Result "0-1"]
[WhiteElo "2480"]
[BlackElo "2540"]

1.d4 d5 2.c4 c6 3.Nf3 Nf6 4.Nc3 e6 5.e3 Nbd7 6.Bd3 dxc4 7.Bxc4 b5 8.Be2 Bb7
9.O-O a6 10.e4 c5 11.e5 Nd5 12.a4 b4 13.Ne4 Qc7 14.a5 h6 15.Qd3 Be7 16.Bd2 O-O
17.Rfc1 Rfc8 18.Ne1 Qd8 19.Qg3 Kh8 20.dxc5 Nxc5 21.Nxc5 Bxc5 22.Rc4 Bf8 23.Rd4 Bc6
24.Bf3 Qc7 25.Nd3 Rab8 26.h3 Ne7 27.Bg4 Nd5 28.Kh2 Qa7 29.Re4 Rd8 30.Rc1 Qd7
31.Nc5 Bxc5 32.Rxc5 Nc3 33.Rxb4 Ne4 34.Rxe4 Bxe4 35.Bc3 Rbc8 36.Rxc8 Qxc8
37.Be2 Qc6 38.f3 Bd3 39.Qh4 Rd7 40.Bd1 Qc5 41.Ba4 Bb5 42.Bc2 Qe3 43.Qe4 Qxe4
44.Bxe4 Rd1 45.Kg3 Rf1 46.Bc2 Kg8 47.Be4 Kf8 48.h4 Ke8 49.Bb4 Rh1 50.Bd6 Re1
51.b4 Re2 52.Kh2 h5 53.Kg1 Rd2 54.Bc5 Kd7 55.Be3 Rb2 56.Bc5 Rd2 57.Be3 Rd1+
58.Kh2 Bd3 59.Ba8 Rb1 60.Bc5 Rb2 61.Kg1 g6 62.Bb7 Kc7 63.Ba8 Rc2 64.Kh2 Re2
65.Bd4 Rd2 66.Bb6+ Kd7 67.Bb7 Rb2 68.Bc5 Rc2 69.Bb6 Ra2 70.Kg1 Re2 71.Bd4 Rc2
72.Bc5 Kc7 73.Ba8 Rc4 74.g3 Rc3 75.Bd6+ Kc8 76.g4 Bb5 77.gxh5 gxh5 78.Kf2 Bc6
79.Bxc6 Rxc6 80.Bc5 Kb7 81.Kg3 Rc8 82.Kf4 Rg8 83.Be7 Kc6 84.Bc5 Kd5 85.Be7 Rg2
86.Bc5 Re2 87.Bd6 f6 88.Be7 Rxe5 89.Kg3 Rf5 90.Bc5 Kc4 91.Be7 Kd3 92.Bc5 e5
93.Bd6 Ke3 94.Bc5+ Ke2 95.Kg2 Rxf3 96.b5 axb5 97.a6 Rf4  0-1

[Event "BCF-ch"]
[Site "Torquay"]
[Date "1998.08.06"]
[Round "10"]
[White "Sashikiran, Krishnan"]
[Black "Wells, Peter K"]
[Result "0-1"]
[WhiteElo "2470"]
[BlackElo "2530"]

1.d4 Nf6 2.Nf3 d5 3.c4 e6 4.Nc3 c6 5.e3 Nbd7 6.Bd3 dxc4 7.Bxc4 b5 8.Bd3 Bb7
9.e4 b4 10.Ne2 c5 11.e5 Nd5 12.O-O Rc8 13.Re1 Qb6 14.Bg5 h6 15.Bh4 Be7 16.Bxe7 Nxe7
17.Ng3 cxd4 18.Be4 O-O 19.Bxb7 Qxb7 20.Qxd4 Nc5 21.Rad1 Qb6 22.Qg4 Rfd8 23.h4 Nd3
24.Re2 Rd5 25.Ne4 Kf8 26.Red2 Rcd8 27.b3 Nf5 28.h5 Nxf2 29.Nxf2 Ne3 30.Rxd5 Rxd5
31.Rxd5 Nxg4 32.Rd2 Qe3 33.Rc2 Nxe5 34.Nxe5 Qe1+ 35.Kh2 Qxe5+ 36.Kg1 Ke7
37.Kf1 a5 38.g4 Qa1+ 39.Kg2 Qe5 40.Kf1 Kd8 41.Rd2+ Kc7 42.Rc2+ Kb6 43.Re2 Qd5
44.Rc2 f5 45.gxf5 exf5 46.Rc4 Qf3 47.Rh4 Qc3 48.Rh3 Qa1+ 49.Kg2 Qxa2 50.Re3 a4
51.bxa4 b3 52.a5+ Kxa5 53.Re7 Kb6 54.Rxg7 b2 55.Rg6+ Kc7 56.Rxh6 b1=Q 57.Rh7+ Kd6
58.Rh6+ Kd5  0-1

[Event "MK Cafe Cup-A"]
[Site "Koszalin"]
[Date "1998.08.07"]
[Round "5"]
[White "Kempinski, Robert"]
[Black "Rogozenko, Dorin"]
[Result "0-1"]
[WhiteElo "2545"]
[BlackElo "2435"]

1.d4 d5 2.c4 c6 3.Nc3 Nf6 4.Nf3 e6 5.e3 Nbd7 6.Qc2 Bd6 7.g4 Bb4 8.Bd2 Qe7
9.Bd3 e5 10.dxe5 Nxe5 11.Nxe5 Qxe5 12.f4 Qe7 13.g5 Ng4 14.O-O-O dxc4 15.Bxh7 Nf2
16.g6 Nxd1 17.gxf7+ Kf8 18.Rxd1 Be6 19.a3 Ba5 20.Rg1 Qh4 21.Bg6 Rd8 22.Qe4 Qf6
23.Be1 Bxf7 24.Bxf7 Qxf7 25.f5 Re8 26.Qf3 Rh5 27.e4 Rd8 28.h4 Rd3 29.Qg4 Bb6
30.Rf1 Bd4 31.Ne2 c3 32.Nxd4 cxb2+ 33.Kb1 Rxd4 34.f6 g6 35.Bc3 Qd7 36.Qxd7 Rxd7
37.e5 Kf7 38.Re1 Ke6 39.Rg1 Rxh4 40.Rxg6 Rh2 41.Rg1 Rd3 42.Bb4 Rf3 43.Rd1 b6
44.Ka2 c5  0-1

[Event "MK Cafe Cup-A"]
[Site "Koszalin"]
[Date "1998.08.07"]
[Round "5"]
[White "Schmidt, Wlodzimierz"]
[Black "Sosnicki, Michal"]
[Result "1/2-1/2"]
[WhiteElo "2445"]
[BlackElo "2355"]

1.Nf3 d5 2.d4 Nf6 3.c4 e6 4.Nc3 c6 5.e3 Nbd7 6.Qd2 b6 7.Bd3 Bb7 8.O-O Be7
9.Rb1 dxc4 10.Bxc4 c5 11.Qe2 O-O 12.Rd1 Qc7 13.Ba6 Rfd8 14.Bd2 cxd4 15.Nxd4 Bxa6
16.Qxa6 Ng4 17.g3 Qc5 18.Qb7 Qh5 19.Qg2 Bc5 20.h3 Nge5 21.g4 Qg6 22.Nce2 Nf6  1/2-1/2

[Event "RUS-ch51"]
[Site "St Petersburg"]
[Date "1998.08.07"]
[Round "11"]
[White "Ibragimov, Ildar"]
[Black "Sveshnikov, Evgeny"]
[Result "1-0"]
[WhiteElo "2610"]
[BlackElo "2575"]

1.d4 d5 2.c4 e6 3.Nf3 Nf6 4.Nc3 c6 5.e3 Nbd7 6.Qc2 Bd6 7.Bd3 O-O 8.O-O Qe7
9.c5 Bc7 10.e4 h6 11.Re1 dxe4 12.Nxe4 Nxe4 13.Bxe4 Nf6 14.Bd3 Rd8 15.Bd2 Bd7
16.a3 Be8 17.Re2 Nd5 18.Rae1 Nf4 19.Bxf4 Bxf4 20.Bc4 Kh8 21.Qe4 Qf6 22.g3 Bc7
23.h4 g6 24.Kg2 Rd7 25.Qc2 Qg7 26.Re4 Rad8 27.b4 Re7 28.R4e3 a6 29.Rd3 Red7
30.Qe2 Re7 31.Qe3 Red7 32.Ne5 Re7 33.f4 f6 34.Nf3 Bf7 35.Qd2 Qg8 36.f5 Kg7
37.fxe6 Bxe6 38.Rde3 Rde8 39.Rxe6 Rxe6 40.Rxe6 Rxe6 41.Qa2 Bxg3 42.Bxe6 Qb8
43.Qe2 Bf4 44.Bc4 Qd8 45.Qe6 h5 46.Qf7+ Kh6 47.Bd3 f5 48.Bc4 Qb8 49.Qf6 Qe8
50.Be6  1-0

[Event "BCF-ch"]
[Site "Torquay"]
[Date "1998.08.07"]
[Round "11"]
[White "Sadler, Matthew"]
[Black "Wells, Peter K"]
[Result "1-0"]
[WhiteElo "2650"]
[BlackElo "2530"]

1.d4 d5 2.c4 e6 3.Nc3 c6 4.e3 Nf6 5.Nf3 Nbd7 6.Bd3 dxc4 7.Bxc4 b5 8.Bd3 Bb7
9.O-O b4 10.Ne4 Be7 11.Nxf6+ Nxf6 12.a3 a5 13.e4 O-O 14.Qe2 c5 15.dxc5 Nd7
16.c6 Bxc6 17.Be3 Bb7 18.Rfd1 Qb8 19.Nd4 Nc5 20.Bb5 bxa3 21.Rxa3 Nxe4 22.Rad3 Rc8
23.Bd7 Rc5 24.Nxe6 fxe6 25.Bxe6+ Kh8 26.Rd7 Bf8 27.Qf3 Ng5 28.Qxb7 Qxb7 29.Rxb7 Nxe6
30.Bxc5 Nxc5 31.Rb5 a4 32.Rc1 Rd8 33.g3 Ne6 34.Ra5 Nd4 35.Rc4 Nf3+ 36.Kh1 g5
37.Rcxa4 Rd2 38.Kg2 Ne1+ 39.Kf1 Nd3  1-0

[Event "Lost Boys op"]
[Site "Antwerp"]
[Date "1998.08.08"]
[Round "8"]
[White "Azmaiparashvili, Zurab"]
[Black "Gurevich, Mikhail"]
[Result "1-0"]
[WhiteElo "2655"]
[BlackElo "2610"]

1.d4 d5 2.c4 c6 3.Nc3 Nf6 4.Nf3 e6 5.e3 Nbd7 6.Bd3 dxc4 7.Bxc4 b5 8.Bd3 a6
9.e4 c5 10.e5 cxd4 11.Nxb5 axb5 12.exf6 Bb7 13.O-O gxf6 14.Nxd4 Rg8 15.f3 Bd6
16.Bxb5 Qc7 17.Kh1 Qc5 18.Be3 Qh5 19.Bg1 Bd5 20.Bc6 Qg5 21.Qe2 Bc4 22.f4 Qc5
23.Qd2 Rc8 24.Nf5 Qxf5 25.Qxd6 Rxc6 26.Qxc6 Bxf1 27.Rxf1 Qd3 28.Rf3  1-0

[Event "Eikrem mem"]
[Site "Gausdal"]
[Date "1998.08.08"]
[Round "8"]
[White "Akesson, Ralf"]
[Black "Agdestein, Simen"]
[Result "1-0"]
[WhiteElo "2510"]
[BlackElo "2545"]

1.d4 e6 2.c4 d5 3.Nc3 c6 4.Nf3 Nf6 5.e3 Nbd7 6.Bd3 dxc4 7.Bxc4 b5 8.Bd3 a6
9.e4 c5 10.d5 c4 11.Bc2 e5 12.O-O Bd6 13.b3 b4 14.Ne2 cxb3 15.axb3 a5 16.Ng3 O-O
17.Nf5 Nc5 18.Nxd6 Qxd6 19.Re1 Bg4 20.h3 Bxf3 21.Qxf3 Rfc8 22.Bb2 Nfd7 23.Bd1 Nb6
24.Qg3 f6 25.h4 Rc7 26.h5 Qd8 27.Rc1 Qd6 28.h6 g5 29.Qe3 Rac8 30.Bg4 Ncd7
31.Be6+ Kf8 32.Qf3 Qe7 33.Qf5 Ke8 34.Rcd1 Rc2 35.Bc1 Nf8 36.Be3 Nbd7 37.Bg8 Kd8
38.d6 Qe8 39.Bxg5 Qg6 40.Qxg6 Nxg6 41.Be3 Ngf8 42.Ra1 R2c6 43.Rxa5 Rxd6 44.Rb5 Ne6
45.Bxh7 Ke7 46.Bf5 Nd4 47.Bxd4  1-0

[Event "Hans & Lenze"]
[Site "Lippstadt"]
[Date "1998.08.08"]
[Round "10"]
[White "Wilhelmi, Christian"]
[Black "Pavasovic, Dusko"]
[Result "0-1"]
[WhiteElo "2445"]
[BlackElo "2505"]

1.d4 d5 2.c4 e6 3.Nc3 c6 4.e3 Nf6 5.Nf3 Nbd7 6.Bd3 dxc4 7.Bxc4 b5 8.Bd3 a6
9.e4 c5 10.d5 Qc7 11.O-O Bb7 12.dxe6 fxe6 13.Bc2 Bd6 14.Ng5 Nf8 15.f4 O-O-O
16.Qe1 e5 17.f5 h6 18.Nf3 N8d7 19.Kh1 c4 20.Bd2 Qc6 21.Rc1 Nc5 22.a4 b4 23.Nd5 Nxd5
24.exd5 Qxd5 25.Bxb4 e4 26.Nd2 e3 27.Nf3 Rhe8 28.Qe2 Kb8 29.Bxc5 Qxc5 30.Bb1 Bc7
31.Rfd1 Rxd1+ 32.Rxd1 Qb4 33.Ba2 Re4 34.Bb1 Re7 35.Ba2 Re4 36.Bb1 Rf4 37.Qxe3 Qxb2
38.Qe8+ Ka7 39.Qe3+ Qb6 40.Qxb6+ Kxb6 41.Rd7 Be4 42.Bxe4 Rxe4 43.Kg1 c3 44.Nd4 Bf4
45.Nc2 Re2 46.Nb4 c2 47.Nxc2 Rxc2 48.Rxg7 Be3+ 49.Kf1 Rf2+ 50.Ke1 Rxf5 51.Rg6+ Ka5
52.h4 Bf2+ 53.Ke2 Bxh4 54.Rxh6 Rf2+ 55.Kd3 Bg5 56.Re6 Rxg2 57.Kc3 Rg3+ 58.Kb2 Re3
59.Rg6 Bf4  0-1

[Event "Budapest FS08 GM"]
[Site "Budapest"]
[Date "1998.08.09"]
[Round "9"]
[White "Lukacs, Peter"]
[Black "Barczay, Laszlo"]
[Result "1-0"]
[WhiteElo "2475"]
[BlackElo "2420"]

1.d4 d5 2.c4 e6 3.Nf3 Nf6 4.Nc3 c6 5.e3 Nbd7 6.Qc2 Bd6 7.Bd3 dxc4 8.Bxc4 O-O
9.O-O e5 10.h3 Qc7 11.Bd2 exd4 12.exd4 Nb6 13.Bb3 h6 14.Bxh6 gxh6 15.Qg6+ Kh8
16.Qxf6+  1-0

[Event "Eikrem mem"]
[Site "Gausdal"]
[Date "1998.08.09"]
[Round "9"]
[White "Akesson, Ralf"]
[Black "Gausel, Einar"]
[Result "1/2-1/2"]
[WhiteElo "2510"]
[BlackElo "2540"]

1.d4 d5 2.c4 c6 3.Nc3 Nf6 4.e3 e6 5.Nf3 Nbd7 6.Bd3 dxc4 7.Bxc4 b5 8.Bd3 Bb7
9.O-O b4 10.Ne4 Be7 11.Nxf6+ Nxf6 12.e4 O-O 13.Qe2 c5 14.dxc5 Nd7 15.c6 Bxc6
16.Be3 Bb7 17.Rfd1 Nc5 18.Bxc5 Bxc5 19.Ba6 Qb6 20.Bxb7 Qxb7 21.Rac1 Rac8
22.Ne5 Be7 23.g3 Rxc1 24.Rxc1 Rc8 25.Rxc8+ Qxc8 26.Qb5 h6 27.b3 Bd6 28.Nc6 Qd7
29.Qc4 Qb7 30.Kf1 Qb6 31.Qc2 Kh8 32.Kg2 Kg8 33.Kf3 Kh8 34.Kg2 Kg8 35.Kf1  1/2-1/2

[Event "MK Cafe Cup-A"]
[Site "Koszalin"]
[Date "1998.08.09"]
[Round "7"]
[White "Izeta Txabarri, Felix"]
[Black "Sosnicki, Michal"]
[Result "1-0"]
[WhiteElo "2445"]
[BlackElo "2355"]

1.d4 d5 2.c4 c6 3.Nf3 Nf6 4.Nc3 e6 5.e3 Nbd7 6.Bd3 dxc4 7.Bxc4 b5 8.Bd3 a6
9.e4 c5 10.e5 cxd4 11.Ne4 Nd5 12.O-O Qc7 13.Bg5 Nxe5 14.Nxe5 Qxe5 15.Re1 Qc7
16.Rc1 Qd7 17.Bb1 h6 18.Bd2 Bb7 19.Qg4 Nf6 20.Nxf6+ gxf6 21.Be4 Bd6 22.Bxb7 Qxb7
23.Qxd4 Ke7 24.Bc3 e5 25.Bb4 Bxb4 26.Qxb4+ Ke6 27.Qg4+ Ke7 28.Qh4 Ke6 29.f4 Qb8  1-0

[Event "MK Cafe Cup-A"]
[Site "Koszalin"]
[Date "1998.08.09"]
[Round "7"]
[White "Krasenkow, Michal"]
[Black "Novikov, Igor A"]
[Result "1/2-1/2"]
[WhiteElo "2655"]
[BlackElo "2545"]

1.Nf3 d5 2.d4 Nf6 3.c4 e6 4.Nc3 c6 5.e3 Nbd7 6.Bd3 dxc4 7.Bxc4 b5 8.Bd3 Bb7
9.O-O b4 10.Ne4 Be7 11.a3 bxa3 12.bxa3 c5 13.Nxc5 Nxc5 14.dxc5 O-O 15.Bb2 Bxf3
16.gxf3 Rc8 17.f4 Rxc5 18.Qe2 Nd5 19.Rac1 Rxc1 20.Bxc1 Qa5 21.Qc2 Bxa3 22.Bxh7+ Kh8
23.Be4 Nc3 24.Bd2 Bb4 25.Bxc3 Bxc3 26.Rb1 Qc5 27.Qe2 Kg8 28.Rb5 Qd6 29.h4 Rd8
30.Kg2 Bf6 31.Qh5 Qd1 32.Qh7+ Kf8 33.Bf3 Qd6 34.h5 Qd3 35.Qxd3 Rxd3 36.e4 Bd8
37.Rb7 Bb6 38.e5 Rd2 39.h6 Rxf2+ 40.Kg3 Rxf3+ 41.Kxf3 gxh6 42.Kg4 Be3 43.Rb3 Bb6
44.Kh5 Kg7 45.Rd3 a5 46.Rg3+ Kh7 47.Rc3 Kg7 48.Rg3+ Kh7 49.Rd3 Kg7 50.Rd7 a4
51.f5 exf5 52.e6 Kf8 53.Rxf7+ Ke8 54.Rb7 Bd4 55.Rb4 Bc3 56.Rc4 Bb2 57.Rxa4 Ke7
58.Ra6 Bf6  1/2-1/2

[Event "MK Cafe Cup-A"]
[Site "Koszalin"]
[Date "1998.08.10"]
[Round "8"]
[White "Sosnicki, Michal"]
[Black "Miton, Kamil"]
[Result "1/2-1/2"]
[WhiteElo "2355"]
[BlackElo "2415"]

1.d4 d5 2.c4 c6 3.Nc3 Nf6 4.Nf3 e6 5.e3 Nbd7 6.Bd3 dxc4 7.Bxc4 b5 8.Bd3 a6
9.e4 c5 10.d5 c4 11.Bc2 Qc7 12.dxe6 fxe6 13.O-O Bb7 14.Nd4 Nc5 15.Be3 O-O-O
16.Qe2 e5 17.Nf3 Ne6 18.Nd5 Nxd5 19.exd5 Bxd5 20.a4 b4 21.Rac1 Bc5 22.Bb3 c3
23.Qxa6+ Kb8 24.Qb5+ Qb7 25.Bxc5 Bxf3 26.gxf3 Qxb5 27.axb5  1/2-1/2

[Event "Hampstead GM3"]
[Site "Hampstead"]
[Date "1998.08.11"]
[Round "2"]
[White "Sashikiran, Krishnan"]
[Black "Ippolito, Dean"]
[Result "1-0"]
[WhiteElo "2470"]
[BlackElo "2430"]

1.d4 d5 2.c4 c6 3.Nc3 Nf6 4.e3 e6 5.Nf3 Nbd7 6.Bd3 dxc4 7.Bxc4 b5 8.Bd3 Bb7
9.e4 b4 10.Na4 c5 11.e5 Nd5 12.dxc5 Nxc5 13.Nxc5 Bxc5 14.O-O h6 15.Nd2 O-O
16.Ne4 Bd4 17.Nd6 Bc6 18.Bh7+ Kxh7 19.Qxd4 f6 20.Bd2 fxe5 21.Qxe5 Qf6 22.Qxf6 Rxf6
23.Rac1 Bd7 24.Rfe1 Rb8 25.f3 Rb6 26.Ne4 Rf8 27.Nc5 Bc8 28.Re4 Rd8 29.Be1 Rdd6
30.Bf2 Rb5 31.Nb3 Bd7 32.Bxa7 Ra6 33.Bd4 Rxa2 34.Nc5 Bc8 35.Nxe6 Bxe6 36.Rxe6 Nf4
37.Re7 Rg5 38.g3 Nd5 39.Rd7 Nf4 40.Re1 Rg6 41.Kf1 Nh5 42.Rb7 Ra4 43.g4 Nf6
44.Ree7 Ra6 45.h4 Ra1+ 46.Ke2 Rh1 47.h5 Nxh5 48.gxh5 Rg2+ 49.Ke3 Re1+ 50.Kf4  1-0

[Event "Energy Cup"]
[Site "Olomouc"]
[Date "1998.08.11"]
[Round "4"]
[White "Orsag, Milan"]
[Black "Beil, Zdenek"]
[Result "0-1"]
[WhiteElo "2405"]
[BlackElo "2320"]

1.d4 d5 2.Nf3 c6 3.c4 Nf6 4.Nc3 e6 5.e3 Nbd7 6.Qc2 Bd6 7.Be2 O-O 8.O-O dxc4
9.Bxc4 Qe7 10.h3 e5 11.a3 h6 12.Ba2 Re8 13.Nh4 Nf8 14.Nf5 Bxf5 15.Qxf5 Rad8
16.Bd2 Bb8 17.dxe5 Rxd2 18.exf6 Qd6 19.g3 g6 20.Qf4 Rxb2 21.Rfd1 Qe5 22.Na4 Rb5
23.Qc4 Qxf6 24.Nc5 Qf3 25.a4 Rb2 26.Nd3 Re2 27.Kf1 Ne6 28.Qg4 Rxe3 29.Qxf3 Rxf3
30.Kg2 Rf6 31.Rab1 b6 32.a5 b5 33.Nb4 Nc5 34.Rb2 Bc7 35.Rc1 Bxa5  0-1

[Event "Wch (Men) U26"]
[Site "Rotterdam"]
[Date "1998.08.12"]
[Round "2"]
[White "Shariyazdanov, Andrey"]
[Black "Bucher, Denis"]
[Result "1-0"]
[WhiteElo "2530"]
[BlackElo "2180"]

1.d4 d5 2.c4 c6 3.Nc3 Nf6 4.e3 e6 5.Nf3 Nbd7 6.Bd3 dxc4 7.Bxc4 b5 8.Bd3 a6
9.e4 c5 10.d5 c4 11.Bc2 Bb7 12.O-O Qc7 13.dxe6 fxe6 14.Nd4 Nc5 15.Qe2 Bd6
16.f4 e5 17.Nf5 O-O 18.Nxd6 Qxd6 19.fxe5 Qxe5 20.Rf5 Qe7 21.Bg5 Qc7 22.Raf1 Ncd7
23.Nd5 Bxd5 24.exd5 Rae8 25.Qd2 Qc5+ 26.Qf2 Qxf2+ 27.R1xf2 Nxd5 28.Rxf8+ Nxf8
29.Bd2 g6 30.Bd1 Nd7 31.Bf3 Re5 32.Kf1 N7b6 33.h4 Kg7 34.g4 h6 35.Re2 Kf6
36.Bxh6 Rxe2 37.Kxe2 Nb4 38.Be3 Na4 39.Bd4+ Kf7 40.h5 Nxa2 41.Bd5+  1-0

[Event "Hampstead GM3"]
[Site "Hampstead"]
[Date "1998.08.13"]
[Round "4"]
[White "Kaufman, Larry C"]
[Black "Ippolito, Dean"]
[Result "1/2-1/2"]
[WhiteElo "2400"]
[BlackElo "2430"]

1.d4 d5 2.c4 e6 3.Nc3 c6 4.e3 Nf6 5.Nf3 Nbd7 6.Bd3 dxc4 7.Bxc4 b5 8.Be2 a6
9.O-O c5 10.d5 exd5 11.Nxd5 Bb7 12.Nxf6+ Qxf6 13.a4 b4 14.e4 Bd6 15.Bg5 Qg6
16.Qd2 h6 17.Rfd1 hxg5 18.Qxd6 Qxd6 19.Rxd6 Rh6  1/2-1/2

[Event "Wch (Women) U26"]
[Site "Rotterdam"]
[Date "1998.08.14"]
[Round "4"]
[White "Khurtsidze, Nino"]
[Black "Wang Lei"]
[Result "0-1"]
[WhiteElo "2375"]
[BlackElo "2445"]

1.d4 d5 2.Nf3 c6 3.c4 Nf6 4.Nc3 e6 5.e3 Nbd7 6.Qc2 Bd6 7.b3 O-O 8.Bd3 e5
9.cxd5 cxd5 10.Nb5 Bb4+ 11.Bd2 Bxd2+ 12.Nxd2 e4 13.Be2 a6 14.Nc3 Re8 15.O-O Nf8
16.Rfc1 Bg4 17.Bf1 Qd6 18.Qb2 Bd7 19.h3 b6 20.Rc2 g5 21.Ne2 Nh5 22.a4 f5
23.a5 b5 24.b4 f4 25.Qb3 Nf6 26.Rac1 Ne6 27.Qa3 fxe3 28.fxe3 g4 29.h4 g3
30.Nb3 Ng4 31.Nc5 Qe7 32.Nf4 Nxf4 33.exf4 Qxh4  0-1

[Event "Asia-ch"]
[Site "Teheran"]
[Date "1998.08.16"]
[Round "3"]
[White "Aliev, Kerim"]
[Black "Barua, Dibyendu"]
[Result "0-1"]
[WhiteElo "2385"]
[BlackElo "2540"]

1.d4 d5 2.c4 e6 3.Nc3 c6 4.e3 Nf6 5.Nf3 Nbd7 6.Be2 Bd6 7.Qc2 O-O 8.O-O dxc4
9.Bxc4 Qe7 10.e4 e5 11.Be3 exd4 12.Bxd4 Ng4 13.Qd2 Nde5 14.Nxe5 Bxe5 15.Bxe5 Qxe5
16.g3 Qh5 17.h4 Ne5 18.Be2 Bg4 19.Qe3 Bxe2 20.Qxe2 Qxe2 21.Nxe2 Nf3+ 22.Kg2 Nd2
23.Rfd1 Nxe4 24.Rd4 Nf6 25.Rad1 Rfe8 26.Nf4 g6 27.Rd6 Kg7 28.h5 gxh5 29.Kf3 Re5
30.b3 Rae8 31.Rh1 Rc5 32.Rd2 Rc3+ 33.Kg2 Re5 34.Ne2 Rcc5 35.Nf4 Rf5 36.Re2 Rce5
37.Rd2 Nd5 38.Nd3 Re7 39.Rh4 Rd7 40.Rd4 Re7 41.Rc2 Kf8 42.Ra4 a6 43.Rh4 Ke8
44.a4 a5 45.Rd2 Kd8 46.Rc2 Kc7 47.Rd4 Re8 48.Rh4 Nf6 49.Rh1 Re4 50.Nc5 Rd4
51.Rh4 Ng4 52.b4 axb4 53.Nb3 Rd3 54.Rb2 Rdf3 55.Rxg4 hxg4 56.Nd4 c5 57.Nb5+ Kc6
58.Rd2 c4  0-1

[Event "Wch (Men) U26"]
[Site "Rotterdam"]
[Date "1998.08.18"]
[Round "7"]
[White "Bucher, Denis"]
[Black "Goessling, Guido"]
[Result "0-1"]
[WhiteElo "2180"]
[BlackElo "2120"]

1.d4 d5 2.c4 c6 3.Nf3 Nf6 4.Nc3 e6 5.e3 Nbd7 6.Bd3 dxc4 7.Bxc4 b5 8.Bd3 a6
9.e4 c5 10.d5 Qc7 11.O-O Bb7 12.dxe6 fxe6 13.Bc2 Bd6 14.Ng5 Nf8 15.f4 O-O-O
16.Qe2 e5 17.a4 b4 18.Nd5 Nxd5 19.exd5 exf4 20.Bd3 Bxd5 21.Bxa6+ Kb8 22.Bd2 h6
23.Ne4 Be5 24.Rfd1 Ne6 25.Bd3 Nd4 26.Qe3 Bb7 27.a5 f3 28.gxf3 Rhf8  0-1

[Event "Hampstead GM3"]
[Site "Hampstead"]
[Date "1998.08.21"]
[Round "11"]
[White "Ippolito, Dean"]
[Black "Dearing, Eddie"]
[Result "1/2-1/2"]
[WhiteElo "2430"]
[BlackElo "2295"]

1.d4 d5 2.c4 c6 3.Nc3 e6 4.e3 Nf6 5.Nf3 Nbd7 6.Bd3 dxc4 7.Bxc4 b5 8.Bd3 a6
9.e4 c5 10.e5 cxd4 11.Nxb5 axb5 12.exf6 gxf6 13.O-O Qb6 14.Qe2 b4 15.Rd1 Bc5
16.Bf4 Bb7 17.Nd2 Be7 18.Nc4 Qc6 19.f3 Nc5 20.Nd6+ Bxd6 21.Bb5 Bxf4 22.Bxc6+ Bxc6
23.Rxd4 Be5 24.Rxb4 Nd7 25.Rd1 Ke7 26.b3 Bd6 27.Rh4 Ra5 28.Kh1 Rha8 29.a4 Rb8
30.Rhd4 Be5 31.b4 Bxd4 32.bxa5 Bxa4 33.Rc1 Be5 34.Qe4 Bb3 35.Qxh7 Ra8 36.Qd3 Bd5
37.Qb5 Rb8 38.Qa4 Bd6 39.h3 Nc5 40.Qc2 Ra8 41.Qc3 Nb3 42.Rb1 Rxa5 43.Rxb3 Rc5
44.Qxc5 Bxc5 45.Rc3 Bf2 46.g4 e5 47.Kg2 Bd4 48.Ra3 f5 49.gxf5 Kf6 50.Kg3 Kxf5
51.Ra6 Bc3 52.Rd6 Be1+ 53.Kg2 Be6 54.Rd1 Bh4 55.Ra1 Bg5 56.Ra4 Be3 57.Rb4 Bd5
58.Kg3 Bf4+ 59.Kg2 Kg6 60.Rb6+ Kg5 61.Rb5 Be6 62.Rb8 Bd2 63.Rd8 Bb4 64.Ra8 Bc3
65.Kg3 Be1+ 66.Kg2 f5 67.Ra6 Kf6 68.Ra1 Bc3 69.Ra4 Bd5 70.Kg3 Be1+ 71.Kg2 e4
72.fxe4 Bxe4+ 73.Kf1 Bh4 74.Ke2 Ke5 75.Ra5+ Kf4 76.Ra3 Bg2 77.Rb3 Bg3 78.Rb4+ Kg5
79.Rb3 Kh4 80.Rb4+ f4 81.Kd2 Kxh3 82.Rb8 Kh2 83.Rf8 Bf3 84.Rf7 Kg2 85.Rg7 Bd5
86.Rg5 Be6 87.Rg6 Bf5 88.Rf6 Bg4 89.Ra6 f3 90.Rf6 f2 91.Ke3 f1=Q 92.Rxf1 Kxf1
93.Kd2 Kf2 94.Kd3 Bf5+ 95.Kd4 Bf4 96.Kd5 Ke3 97.Kc4 Be4 98.Kc5 Be5 99.Kc4 Kd2
100.Kc5 Kd3 101.Kb4 Bd4 102.Kb5 Bd5 103.Kb4 Kc2 104.Kb5 Kc3 105.Ka4 Bc4 106.Ka5 Bc5
107.Ka4 Bd3 108.Ka5 Kc4 109.Ka4 Be2 110.Ka5 Bd1 111.Ka6 Kd5 112.Kb5 Bb3 113.Ka5 Kc6
114.Ka6 Bb4 115.Ka7 Bc4 116.Kb8 Bd3 117.Ka7 Bc4 118.Kb8 Ba6 119.Ka7 Bc8 120.Kb8 Ba6
121.Ka7 Bc8 122.Kb8 Bb7 123.Ka7 Bc8 124.Kb8 Ba6 125.Ka7 Bc8 126.Kb8  1/2-1/2

[Event "FRA-ch"]
[Site "Meribel"]
[Date "1998.08.21"]
[Round "8"]
[White "Bauer, Christian"]
[Black "Fressinet, Laurent"]
[Result "0-1"]
[WhiteElo "2490"]
[BlackElo "2455"]

1.Nf3 d5 2.c4 c6 3.d4 Nf6 4.Nc3 e6 5.e3 Nbd7 6.Qc2 Bd6 7.Bd3 O-O 8.O-O dxc4
9.Bxc4 b5 10.Be2 Bb7 11.Rd1 Qe7 12.a3 a5 13.e4 b4 14.e5 bxc3 15.exd6 Qxd6
16.bxc3 c5 17.c4 Rac8 18.dxc5 Qxc5 19.Bb2 e5 20.h3 Rfd8 21.Rac1 h6 22.Bc3 e4
23.Nd4 Qg5 24.Nb5 e3 25.Bf1 Ne4 26.Be1 exf2+ 27.Bxf2 Ne5 28.Qe2 Nd3 29.Be3 Nxc1
30.Rxc1 Qg6 31.Bf4 Ng3 32.Bxg3 Qxg3 33.Rc3 Qg5 34.Re3 Bc6 35.Re5 Qf4 36.Na7 Qd4+
37.Qe3 Qxe3+ 38.Rxe3 Rc7 39.Nb5 Rcd7 40.Re5 Rd1 41.Na7 Bb7 42.Kf2 R1d2+ 43.Kg1 Ra2
44.Rb5 Be4 45.c5 Rd1  0-1

[Event "FRA-ch"]
[Site "Meribel"]
[Date "1998.08.21"]
[Round "8"]
[White "Chabanon, Jean Luc"]
[Black "Anic, Darko"]
[Result "1/2-1/2"]
[WhiteElo "2490"]
[BlackElo "2460"]

1.d4 c6 2.Nf3 Nf6 3.c4 d5 4.Nc3 e6 5.e3 Nbd7 6.Qc2 Bd6 7.Bd3 dxc4 8.Bxc4 O-O
9.O-O b5 10.Be2 Bb7 11.Ne4 Nxe4 12.Qxe4 Qe7 13.Bd2 a6 14.Rfd1 Rab8 15.a4 c5
16.Qc2 Rfc8 17.axb5 axb5 18.dxc5 Nxc5 19.Bb4 Ne4 20.Qxe4 Bxe4 21.Bxd6 Qb7
22.Bxb8 Rxb8 23.b4 h6 24.Rd4 e5 25.Nxe5 Bxg2 26.f3 Bh3 27.Kf2 Re8 28.Nd3 Qc7
29.Rh1 Qc3 30.Rd5 Be6 31.Rxb5 Bc4 32.Rc5 Qd2 33.Rxc4 Qxe3+ 34.Kg3 Re6 35.Nf4 Re5
36.Rc8+ Kh7 37.Bd3+ g6 38.h4 Kg7 39.Rhc1 Re7 40.b5 Rd7 41.R8c3 Qe5 42.Rc5 Qe3
43.R5c3 Qe5 44.Rc5 Qe3 45.Bf1 Rd2 46.Nh3 Rb2 47.R1c2 Qe1+ 48.Kg2 Rb1 49.Rf2 Qe7
50.Rc4 Rxb5 51.Re4 Re5 52.Rxe5 Qxe5 53.f4 Qe7 54.h5 gxh5 55.Be2 h4 56.Ng1 Qe4+
57.Kh2 Kf6 58.Bf1 Qe3 59.Rf3 Qd2+ 60.Bg2 Qe1 61.Nh3 Qe2 62.Nf2 Kg7 63.Kh3 Qe7
64.f5 Qb4 65.f6+ Kg6 66.Bf1 h5 67.Bd3+ Kh6 68.Be4 Qd6 69.Kg2 Qe5 70.Kf1 h3
71.Rxh3 Qxf6 72.Rg3 Qe5 73.Rf3 f6 74.Rf5 Qc3 75.Kg2 h4 76.Bf3 Kg6 77.Rf4 f5
78.Rxh4 Qd2 79.Rc4 Kg5 80.Rc8 Kf4 81.Re8 Qb2 82.Re7 Qa2 83.Re8 Qb2 84.Re7 Qa2
85.Be2 Qa8+ 86.Kh2 Kg5 87.Re6 Qb8+ 88.Kg2 Qa8+ 89.Bf3 Qg8 90.Bd5 Kf4+ 91.Kf1 Qg3
92.Bg2 Qb3 93.Nh3+ Kg3 94.Rg6+ Kh2 95.Rg5 Qd1+ 96.Kf2  1/2-1/2

[Event "Asia-ch"]
[Site "Teheran"]
[Date "1998.08.21"]
[Round "6"]
[White "Dao Thien Hai"]
[Black "Barua, Dibyendu"]
[Result "1/2-1/2"]
[WhiteElo "2580"]
[BlackElo "2540"]

1.d4 d5 2.c4 e6 3.Nc3 c6 4.e3 Nf6 5.Nf3 Nbd7 6.Qc2 Bd6 7.Be2 O-O 8.b3 dxc4
9.bxc4 e5 10.O-O Re8 11.a4 exd4 12.exd4 Nf8 13.Rd1 Bb4 14.Ne5 c5 15.Be3 cxd4
16.Bxd4 Ne6 17.Be3 Qc7 18.Nd3 Bxc3 19.Qxc3 Nd5 20.Qc1 Nxe3 21.fxe3 Nc5 22.Nxc5 Qxc5
23.Rd4 Be6 24.Bf3 Rad8 25.Qd2 Rxd4 26.Qxd4 b6 27.Qxc5 bxc5 28.Rb1 Bxc4 29.Rc1 Bb3
30.Rxc5  1/2-1/2